2025 WNBA All Star Roster - Statistics

General Stats
  • This quiz has been taken 97 times
  • The average score is 17 of 25
Answer Stats
Team % Correct
Caitlin Clark
88%
Courtney Williams
88%
Napheesa Collier
88%
Paige Bueckers
88%
A'ja Wilson
84%
Breanna Stewart
84%
Gabby Williams
84%
Sabrina Ionescu
79%
Angel Reese
77%
Kelsey Plum
77%
Sonia Citron
77%
Allisha Gray
75%
Aliyah Boston
70%
Alyssa Thomas
67%
Kiki Iriafen
66%
Rhyne Howard
64%
Jackie Young
62%
Kelsey Mitchell
59%
Skylar Diggins
59%
Nneka Ogwumike
53%
Kayla McBride
52%
Brionna Jones
44%
Brittney Sykes
42%
Satou Sabally
40%
Kayla Thornton
34%
No matching quizzes found
Score Distribution
Percent of People with Each Score
Percentile by Number Answered
Your Score History
You have not taken this quiz